• 首页
  • 本馆介绍
  • 公告通知
  • 最新文献
  • 馆藏检索
  • 电子资源
  • 读者导购
  • 参考咨询
  • 我的图书馆
  • 登录
  • 详细信息显示
  • 放入我的书架
  • 预约/预借图书
  • 作者相关作品
  • 分类相关作品
  • 丛书相关作品
  • 出版社相关作品

书目信息

  • 表格格式
  • 工作单格式
  • 卡片格式
题名:
流行艺术的审美之维
    
 
作者: 金华 , 吴娜 著
分册:  
出版信息: 长春   吉林美术出版社  2019
页数: 199页
开本: 24cm
丛书名:
单 册:
中图分类: J209.9
科图分类:
主题词: 流行艺术--liu xing yi shu--艺术美学--研究
电子资源:
ISBN: 978-7-5575-3317-5
000 00935nam0 2200265 450
001 012001006559
005 20140101090911.0
010    @a978-7-5575-3317-5@dCNY48.00
099    @aCAL 012019036368
100    @a20190308d2019 em y0chiy50 ea
101 0  @achi
102    @aCN@b220000
105    @ay a 000yy
106    @ar
200 1  @a流行艺术的审美之维@Aliu xing yi shu de shen mei zhi wei@f金华, 吴娜著
210    @a长春@c吉林美术出版社@d2019
215    @a199页@d24cm
320    @a有书目 (第196-198页)
330    @a本书从聚焦当下流行艺术火热的现状, 结合文学批评理论、美学理论, 对流行艺术现象门类进行阐释, 主要分析流行文学、流行音乐、流行舞蹈、流行美术、综合艺术等体裁的审美特征、流行原因、文化意蕴等。
606 0  @a流行艺术@Aliu xing yi shu@x艺术美学@x研究
690    @aJ209.9@v5
701  0 @a金华@Ajin hua@4著
701  0 @a吴娜@Awu na@4著
801  0 @aCN@b上海新华@c20191020
905    @b1131837-40@dJ209.9@e1059@f4
    
    流行艺术的审美之维/金华, 吴娜著.-长春:吉林美术出版社,2019
    199页;24cm
    
    
    ISBN 978-7-5575-3317-5:CNY48.00
    本书从聚焦当下流行艺术火热的现状, 结合文学批评理论、美学理论, 对流行艺术现象门类进行阐释, 主要分析流行文学、流行音乐、流行舞蹈、流行美术、综合艺术等体裁的审美特征、流行原因、文化意蕴等。
●
相关链接 在E读中查询图书 在五车中查询图书 在当当中查询图书 在豆瓣中查询图书


正题名:流行艺术的审美之维     索取号:J209.9/1059         预约/预借

序号 登录号 条形码 馆藏地/架位号 状态 备注
1 1131837   211318377   第一样本阅览室/ [索取号:J209.9/1059] 在馆    
2 1131838   211318386   第一借阅区/ [索取号:J209.9/1059] 在馆    
3 1131839   211318395   第一借阅区/ [索取号:J209.9/1059] 在馆    
4 1131840   211318402   第一借阅区/ [索取号:J209.9/1059] 在馆    
唐山师范学院图书馆 欢迎您!
大连网信软件有限公司© 版权所有